Pemindahan kepakaran Syarikat Multinasional Asing di Malaysia

Bibliographic Details
Main Authors: Abd Hair Awang (Author), Jalaluddin Abdul Malek (Author), Mohd. Yusuf Hussain (Author)
Format: Book
Language:Malay
Published: Bangi, Selangor : Penerbit Universiti Kebangsaan Malaysia 2016
Subjects:

MARC

LEADER 00000cam a2200000 7i4500
001 0000028133
005 20241121.0
008 180925 my a may
020 |a 9789674124045 
040 |a INS   |b eng   |e rda 
090 0 0 |a HC60   |b A234 2016 
100 0 |a Abd Hair Awang ,   |e author 
245 1 0 |a Pemindahan kepakaran Syarikat Multinasional Asing di Malaysia   |c Abd Hair Awang, Jalaluddin Abdul Malek, Mohd. Yusuf Hussain 
264 1 |a Bangi, Selangor :   |b Penerbit Universiti Kebangsaan Malaysia   |c 2016 
264 4 |c ©2016 
300 |a 196 pages :   |b illustrations ;   |c 24 cm. 
336 |a text  |2 rdacontent 
337 |a unmediated  |2 rdamedia 
338 |a volume  |2 rdacarrier 
500 |a Includes index 
504 |a Includes bibliographical references: pages [87]-93 
650 0 |a International economic relations 
650 0 |a Technical assistance   |z Malaysia 
650 0 |a Technology transfer 
700 0 |a Jalaluddin Abdul Malek ,   |e author 
700 0 |a Mohd. Yusuf Hussain ,   |e author 
999 |a 1000003591   |b BOOK   |c Open Shelf   |e Default branch